Introducción al estudio del romanticismo español

Na minha lista:
Detalhes bibliográficos
Autor principal: Díaz-Plaja, Guillermo (Author)
Formato: Livro
Idioma:espanhol
Publicado em: Madrid Espasa-Calpe 1936
Assuntos:
Tags: Adicionar Tag
Sem tags, seja o primeiro a adicionar uma tag!

MARC

LEADER 00000nam a2200000 a 4500
001 UCY6029
003 CL-VaPUC
008 950521e19360000SP |||||||||||||||||spa|d
082 0 4 |a 860.9  |b DIA  |2 21 
100 0 |a Díaz-Plaja, Guillermo  |e author  |9 335569 
245 1 0 |a Introducción al estudio del romanticismo español 
300 |a 311 p 
942 |c BK 
945 |d 19950521 00:00:00  |a rbrito 
260 |a Madrid  |b Espasa-Calpe  |c 1936 
650 0 |a Poesía española  |9 264938 
650 0 |a Romanticismo en la literatura  |9 313777 
651 0 |a España  |9 254926 
583 |a last modification  |c 20120620 11:06:38  |k Rodrigo Vera 
999 |c 233615  |d 233613 
952 |0 0  |1 0  |4 0  |6 860_900000000000000_DIA_1936  |7 0  |8 A  |9 239247  |a BIBEDU  |b BIBEDU  |d 2019-11-18  |i 2002264  |o 860.9 DIA 1936  |p 2002264  |r 2019-11-18  |w 2019-11-18  |y BK  |k LIT